000 00489nam a2200133 a 4500
008 120416s0000 ||||||||||||||||| || u
020 _a0748715215
050 _aTA 181.G7 Atk
100 _aAtkinson, A. V
245 1 0 _aCivil engineering contract administration
260 _aCheltenham
_bStanley Thornes
_c1992
350 _a0.00
995 _D0.00
_FCBU-MAIN LIBRARY (Kitwe)
_H1
_I20.90
_M1
_UAVAILABLE
_ZAnnex Low-Usage Collection
999 _c37488
_d37488